书目信息 |
| 题名: |
面向对象Visual C++编程技巧
|
|
| 作者: | Mark Andrews , Mark Andrews 著 | |
| 分册: | ||
| 出版信息: | 北京 电子工业出版社 1997.04 |
|
| 页数: | 652页 | |
| 开本: | 16开 | |
| 丛书名: | ||
| 单 册: | ||
| 中图分类: | TP311.51 | |
| 科图分类: | ||
| 主题词: | 软件 | |
| 电子资源: | ||
| ISBN: | 7-5053-3774-2 | |
| 000 | 00667nam0 2200205 45 | |
| 001 | 0005181039 | |
| 005 | 20000518103701.4 | |
| 010 | @a7-5053-3774-2@d68.00元 | |
| 100 | @a20000518d1997 km y0chiy0120 ea | |
| 101 | @achi | |
| 105 | @a z 000yy | |
| 200 | 1 | @a面向对象Visual C++编程技巧@AMian Xiang Dui Xiang Visual C++Bian Cheng Ji Qiao@f(美)Mark Andrews著;綦建平等译@F(Mei)Mark Andrews Zhu;Qi Jian Ping Deng Yi |
| 210 | @a北京@c电子工业出版社@d1997.04 | |
| 215 | @a652页@d16开 | |
| 606 | 0 | @a软件 |
| 690 | @aTP311.51@v3 | |
| 701 | @aMark Andrews@4著 | |
| 701 | 0 | @aMark Andrews@4著 |
| 801 | @aCN@bPftUser@c20000518 | |
| 905 | @f3@b55628-630@dTP311.51@eM010 | |
| 面向对象Visual C++编程技巧/(美)Mark Andrews著;綦建平等译.-北京:电子工业出版社,1997.04 |
| 652页;16开 |
| ISBN 7-5053-3774-2:68.00元 |
| ● |
| 相关链接 |
|
|
|
正题名:面向对象Visual C++编程技巧
索取号:TP311.51/M010
 
预约/预借
| 序号 | 登录号 | 条形码 | 馆藏地/架位号 | 状态 | 备注 |
| 1 | 55628 | 200556282 | 自科二线400A/400A自科库 7排3列3层/ [索取号:TP311.51/M010] | 在馆 | |
| 2 | 55629 | 200556291 | 自科二线504/504自科库 27排2列6层/ [索取号:TP311.51/M010] | 在馆 | |
| 3 | 55630 | 200556308 | 自科二线400A/400A自科库 7排3列3层/ [索取号:TP311.51/M010] | 在馆 |